Szczegóły MARC21

Zarządzanie zmianą i okresem przejściowym /

003 -Nazwa inst., której nr kontr. jest w polu 001 [,]
    • @
    • Nazwa instytucji, której n kontrolny jest w polu 001
    • NUKAT
005 -DATA I CZAS OSTATNIEJ MODYFIKACJI [,]
    • @
    • pole kontrolne
    • 20241231112059.0
020 -Międzynarod. znormalizowany nr książki - ISBN [ , ]
    • a
    • Numer ISBN
    • 8388970356 Find
040 -Instytucja sporządzająca opis [ , ]
    • a
    • Instytucja, która sporządziła opis (NP)
    • WR U/PAd
    • c
    • Instytucja, która sporządziła rekord (NP)
    • WR U/ap
    • d
    • Instytucja, która zmodyfikowała rekord (P)
    • WR U/dl
    • d
    • Instytucja, która zmodyfikowała rekord (P)
    • GD U/AEKs
    • d
    • Instytucja, która zmodyfikowała rekord (P)
    • KR U/MM
041 -Język dokumentu [1, ]
    • a
    • Język tekstu (P)
    • polski
    • h
    • Język tekstu oryginalnego i/lub pośredniego (P)
    • angielski
942 -Rodzaj dokumentu [ , ]
    • c
    • Rodzaj dokumentu
    • Książka
100 -Hasło główne - nazwa osobowa [1, ]
    • a
    • Nazwa osobowa (NP)
    • Luecke, Richard.
    • 9
    • KHW
    • 72649
245 -Strefa tytułu i oznaczenia odpowiedzialności [1,0]
    • a
    • Tytuł
    • Zarządzanie zmianą i okresem przejściowym / Find
    • c
    • Pozostałe elementy strefy tytułu i oznaczenia odpowiedzialności (NP)
    • [Richard Luecke] ; przeł. Karolina Krzywicka-Szpor.
246 -Wariant tytułu [1, ]
    • i
    • Tekst wyświetlany na ekranie monitora (NP)
    • Tyt. oryg.:
    • a
    • Tytuł (NP)
    • Managing change and transition
260 -Strefa adresu wydawniczego [ , ]
    • a
    • Miejsce wydania (P)
    • Warszawa :
    • b
    • Nazwa wydawcy (P)
    • "MT Biznes",
    • c
    • Data wydania (P)
    • 2003.
300 -Strefa opisu fizycznego [ , ]
    • a
    • Określenie formy książki i/lub objętość (NP)
    • 173, [3] s. :
    • b
    • Oznaczenie ilustracji (NP)
    • wykr. ;
    • c
    • Format (NP)
    • 24 cm.
336 -Typ zawartości [ , ]
    • a
    • Termin opisujący typ zawartości
    • Tekst
    • b
    • Kod określający zawartość
    • txt
    • 2
    • Źródło (terminu i kodu)
    • rdacontent
337 -Typ mediów [ , ]
    • a
    • Tryb odtwarzania
    • Bez urządzenia pośredniczącego
    • b
    • Kod typu mediów
    • n
    • 2
    • Źródło (terminu i kodu)
    • rdamedia
338 -Typ/rodzaj nośnika [ , ]
    • a
    • Hasło opisujące typ nośnika
    • Wolumin
    • b
    • Kod typu nośnika
    • nc
    • 2
    • Źródło (terminu i kodu)
    • rdacarrier
490 -Strefa serii i książki wielotomowej - forma nie do wyszukiwania [1, ]
    • a
    • Tytuł (P)
    • Harvard Business Essentials Find
830 -Hasło dodatkowe serii i opisu książki wielotomowej - tytuł ujednolicony/tytuł [ ,0]
    • a
    • Tytuł ujednolicony/tytuł (NP)
    • Harvard Business Essentials
    • 9
    • KHW
    • 76246
500 -Uwaga ogólna [ , ]
    • a
    • Uwaga ogólna (NP)
    • Nazwa aut. na s. [176].
500 -Uwaga ogólna [ , ]
    • a
    • Uwaga ogólna (NP)
    • U dołu okł.: "BusinessWeek rekomenduje".
504 -Uwaga dot. bibliogr. załącznikowej [ , ]
    • a
    • Uwaga dot. bibliografii załącznikowej
    • Bibliogr. s. 167-170.
504 -Uwaga dot. bibliogr. załącznikowej [ , ]
    • a
    • Uwaga dot. bibliografii załącznikowej
    • Indeks.
080 -Uniwersalna Klasyfikacja Dziesiętna [ , ]
    • 2
    • Identyfikator wydania tablic
    • UDC-P058
    • 9
    • UKD
    • 5602
    • a
    • Symbol klasyfikacji
    • 658.1/.5:005.2
    • b
    • Dopowiedzenie
    • Zarządzanie strategiczne przedsiębiorstwa.
080 -Uniwersalna Klasyfikacja Dziesiętna [ , ]
    • 2
    • Identyfikator wydania tablic
    • UDC-P058
    • 9
    • UKD
    • 2178
    • a
    • Symbol klasyfikacji
    • 005.342
    • b
    • Dopowiedzenie
    • Zarządzanie. Zarządzanie innowacyjne. Przedsiębiorczość.
080 -Uniwersalna Klasyfikacja Dziesiętna [ , ]
    • 2
    • Identyfikator wydania tablic
    • UDC-P058
    • 9
    • UKD
    • 2170
    • a
    • Symbol klasyfikacji
    • 005.32
    • b
    • Dopowiedzenie
    • Zarządzanie. Psychologia zarządzania. Zachowania organizacyjne.
080 -Uniwersalna Klasyfikacja Dziesiętna [ , ]
    • 2
    • Identyfikator wydania tablic
    • UDC-P058
    • 9
    • UKD
    • 1902
    • a
    • Symbol klasyfikacji
    • 001.895
    • b
    • Dopowiedzenie
    • Nowości. Innowacje.
080 -Uniwersalna Klasyfikacja Dziesiętna [ , ]
    • 2
    • Identyfikator wydania tablic
    • UDC-P058
    • 9
    • UKD
    • 3291
    • a
    • Symbol klasyfikacji
    • 339.13
    • b
    • Dopowiedzenie
    • Rynek. Podaż. Popyt. Konkurencja. Środki oddziaływania na rynek. Polityka rynkowa.
080 -Uniwersalna Klasyfikacja Dziesiętna [ , ]
    • 2
    • Identyfikator wydania tablic
    • UDC-P058
    • 9
    • UKD
    • 5628
    • a
    • Symbol klasyfikacji
    • 658.3
    • b
    • Dopowiedzenie
    • Personel przedsiębiorstwa. Stosunki międzyludzkie w przedsiębiorstwie.
650 -Hasło przedmiotowe [ ,7]
    • a
    • Hasło przedmiotowe
    • Innowacje organizacyjne
    • x
    • Określnik rzeczowy
    • zarządzanie.
    • 2
    • Źródło terminu
    • kaba
    • 9
    • KHW
    • 363915
980 -Symbol UKD [ , ]
    • a
    • UKD
    • 658.1/.5:005.2:005.342:005.32:001.895:339.13:658.3
700 -Hasło dodatkowe - nazwa osobowa [1, ]
    • a
    • Nazwa osobowa (NP)
    • Krzywicka-Szpor, Karolina. Find
    • e
    • Określenie rodzaju współpracy
    • Tł.
    • 9
    • KHW
    • 83135
920 -ISBN [ , ]
    • a
    • ISBN
    • 83-88970-35-6 Find
Data inwentaryzacji Lokalizacja Status udost. Numer inwentarzowy Sygnatura
2014-11-24T-2T.18463T.18463